[Event "Al Ain op 4th"]
[Site "Al Ain"]
[Date "2015.12.28"]
[Round "7"]
[White "Danielyan, Vahe"]
[Black "Algildah, Khalid"]
[Result "1-0"]
[WhiteElo "2307"]
[BlackElo "2086"]
[PlyCount "67"]
[EventDate "2015.12.23"]
[EventType "swiss"]
[EventRounds "9"]
[EventCountry "UAE"]
[SourceTitle "CBM 170 Extra"]
[Source "ChessBase"]
[SourceDate "2016.02.25"]
[SourceVersion "1"]
[SourceVersionDate "2016.02.25"]
[SourceQuality "1"]

1. e4 g6 2. d4 Bg7 3. Nc3 c6 4. f4 d5 5. e5 h5 6. Nf3 Nh6 7. Be3 Bg4 8. Be2 Nf5 9. Bf2 e6 10. Ng1 Bxe2 11. Ngxe2 Bf8 12. Qd2 a5 13. g3 a4 14. h3 Nd7 15. 0-0-0 Nb6 16. Rdg1 Nc4 17. Qd3 Qb6 18. Nd1 Ra5 19. g4 Rb5 20. gxf5 Rxb2 21. Nec3 Rxa2 22. Nxa2 Ba3+ 23. Nb2 exf5 24. e6 Qxb2+ 25. Kd1 Qxa2 26. Ke2 Nb2 27. Qe3 Bd6 28. exf7+ Kxf7 29. Rxg6 Qc4+ 30. Kf3 Kxg6 31. Qe6+ Kh7 32. Qf7+ Kh6 33. Rg1 Qc3+ 34. Be3 1-0

[Event "Al Ain op 4th"]
[Site "Al Ain"]
[Date "2015.12.25"]
[Round "3"]
[White "Algildah, Khalid"]
[Black "Ashid, Tsetsegulzii"]
[Result "1-0"]
[WhiteElo "2086"]
[BlackElo "1869"]
[PlyCount "65"]
[EventDate "2015.12.23"]
[EventType "swiss"]
[EventRounds "9"]
[EventCountry "UAE"]
[SourceTitle "CBM 170 Extra"]
[Source "ChessBase"]
[SourceDate "2016.02.25"]
[SourceVersion "1"]
[SourceVersionDate "2016.02.25"]
[SourceQuality "1"]

1. d4 e6 2. e4 d5 3. Nc3 Bb4 4. e5 Ne7 5. Bd2 b6 6. Nb5 Bxd2+ 7. Qxd2 Ba6 8. a4 Nc8 9. 0-0-0 c6 10. Nc3 Bxf1 11. Rxf1 Ne7 12. f4 a6 13. g4 c5 14. Nge2 Nbc6 15. f5 cxd4 16. Nxd4 Nxd4 17. Qxd4 Nc6 18. Qf4 Qc7 19. Qg5 Nxe5 20. fxe6 f6 21. Nxd5 Qc5 22. Qh5+ Ng6 23. Qf5 Rd8 24. Rd1 0-0 25. e7 Nxe7 26. Qe6+ Rf7 27. Nxf6+ gxf6 28. Rxd8+ Kg7 29. Rhd1 Qb4 30. R1d4 Qa5 31. R8d7 Qc5 32. Re4 Kf8 33. b4 1-0

[Event "Arab Clubs-chT 11th"]
[Site "Tunis"]
[Date "2009.12.16"]
[Round "6"]
[White "Algildah, Khalid"]
[Black "Gameel, Mohamed"]
[Result "0-1"]
[WhiteElo "2051"]
[BlackElo "2189"]
[PlyCount "88"]
[EventDate "2009.12.12"]
[EventType "team-swiss"]
[EventRounds "9"]
[EventCountry "TUN"]
[SourceTitle "EXT 2020"]
[Source "ChessBase"]
[SourceDate "2019.10.17"]
[SourceVersion "1"]
[SourceVersionDate "2019.10.17"]
[SourceQuality "1"]
[WhiteTeam "Al Mohafza"]
[BlackTeam "Kamaran Club"]
[WhiteTeamCountry "SYR"]
[BlackTeamCountry "YEM"]

1. e4 c6 2. d4 d5 3. f3 dxe4 4. fxe4 e5 5. Nf3 exd4 6. Bc4 Nf6 7. 0-0 Be7 8. Ng5 0-0 9. Nxf7 Qa5 10. b4 Bxb4 11. e5 Nd5 12. Qh5 g6 13. Nh6+ Kg7 14. Rxf8 Bxf8 15. Qf3 Qe1+ 16. Bf1 Be6 17. Bd2 Qxe5 18. Ng4 Bxg4 19. Qxg4 Ne3 20. Qc8 Qe7 21. c3 Qd7 22. Qxd7+ Nxd7 23. Bd3 Bc5 24. cxd4 Bxd4 25. Bc3 c5 26. Bxd4+ cxd4 27. Nd2 Nc5 28. Be2 Rd8 29. a4 d3 30. Bf3 Nc2 31. Rb1 Nd4 32. Bxb7 Rb8 33. Bd5 Rxb1+ 34. Nxb1 Nxa4 35. Kf2 Nc2 36. Nd2 Nc5 37. Nc4 Kf6 38. h4 Kf5 39. Bf3 Ne4+ 40. Kf1 Kf4 41. h5 g5 42. h6 Ne3+ 43. Nxe3 Kxe3 44. Ke1 Nc3 0-1